Statistiques concernant personnages disney

Cliquez ici pour prendre le quiz!

Statistiques générales

  • Ce quiz a été pris 348 fois
  • Le résultat moyen est 11 sur 15

Statistiques - réponses

description personnage % Correct
elle habite avec des nainsblanche neige
99%
elle a suivie une lapin toujours en retardalice
99%
elle a des cheveux très longraiponce
98%
tic et ....tac
98%
il a un tapi volantaladdin
98%
elle a perdu son soulier en verrecendrillon
97%
elle a dormis pendant 100 ansaurore
96%
il prend pour donné au pauvrerobin des bois
95%
elle a donné sa voixariel
90%
elle a un jaguar en animal de compagniejasmine
82%
elle a embrasser une grenouilletiana
81%
le cochon de vaianapua
54%
le coq de vaianahei hei
37%
il a des taches noirs sur le dos qui forme un fer a chevallucky
18%
il adore l'espacebuz l'éclaire
4%

Distribution des résultats

Percentile par nombre de réponses

% des personnes avec chaque résultat

Votre développement - résultats

Vous n’avez pas pris ce quiz